Visayas sourcebook for food manufacturing a guidebook for MSMEs.
| Format: | Book |
|---|---|
| Published: |
Makati City:
Bureau of Domestic Trade,
2010.
|
| Subjects: |
| LEADER | 00502cam a2200145 7i4500 | ||
|---|---|---|---|
| 001 | 0000025445 | ||
| 005 | 20110323090000.0 | ||
| 020 | 0 | 0 | |a 978-971-0409-20-4 |
| 090 | 0 | 0 | |a PHIL 641.3025 |b VIS |
| 245 | 0 | 0 | |a Visayas sourcebook for food manufacturing a guidebook for MSMEs. |
| 260 | 0 | 0 | |a Makati City: |b Bureau of Domestic Trade, |c 2010. |
| 300 | # | # | |a [v.p]. |
| 650 | 0 | 0 | |a Food industry and trade -- |x Directories -- |z Philippines |
| 651 | 0 | 0 | |a Philippines |
| 999 | |a 0000028208 |b Directories |c Countries |e Business Information Centre | ||


